000 00635nam a22001577a 4500
008 180807b xxu||||| |||| 00| 0 eng d
020 _a978007315481
050 _aRC86.7.A354
100 _aAehlert, Barbara.
245 _aEmergency medical technician: EMT in action. /
_cBarbara Aehlert.
250 _a2nd ed.
260 _aNew York :
_bMcGraw-Hill/ Emergency Care,
_c2011.
300 _axii, 468 p. :
_bill. (col) ;
_c28 cm.
505 _aContents: EMS systems and research -- Workforce safety and wellness -- Legal and ethical issues and documentation -- EMS systems system communications -- Medical terminology.
942 _2lcc
_cBK
999 _c6636
_d14136